|
|
|
|
| LEADER |
00000nam0a2200000 4500 |
| 001 |
359029 |
| 005 |
20231102011143.0 |
| 035 |
|
|
|a (RuTPU)RU\TPU\retro\16301
|
| 035 |
|
|
|a RU\TPU\retro\16297
|
| 090 |
|
|
|a 359029
|
| 100 |
|
|
|a 20200907d1933 k y0rusy50 ca
|
| 101 |
0 |
|
|a rus
|a fre
|
| 102 |
|
|
|a RU
|
| 105 |
|
|
|a ab z 001zy
|
| 200 |
1 |
|
|a Представители семейства Lytoceratidae neumayr emend. zittel из нижне-меловых отложений Крыма
|f Н. С. Кулжинская-Воронец
|g СССР, Всесоюзное геологоразведочное объединение ; Центральный научно-исследовательский геологоразведочный институт (ЦНИГРИ), Сектор геологической карты
|
| 210 |
|
|
|a Ленинград
|a Москва
|c Государственное научно-техническое геолого-разведочное изд-во
|d 1933
|
| 215 |
|
|
|a 40 с.
|c ил.
|e 6 табл.
|
| 225 |
1 |
|
|a Труды Всесоюзного геолого-разведочного объединения
|v Вып. 241
|
| 320 |
|
|
|9 572
|a Библиогр.: с. 33
|
| 606 |
1 |
|
|a Палеонтология
|y Крым
|2 stltpush
|3 (RuTPU)RU\TPU\subj\67044
|9 82934
|
| 610 |
1 |
|
|a исследования
|
| 610 |
1 |
|
|a описания
|
| 610 |
1 |
|
|a таблицы
|
| 610 |
1 |
|
|a местонахождение
|
| 610 |
1 |
|
|a нижне-меловые отложения
|
| 675 |
|
|
|a 56(477)
|v 3
|
| 700 |
|
1 |
|a Кулжинская-Воронец
|b Н. С.
|
| 712 |
0 |
1 |
|a СССР
|b Всесоюзное геологоразведочное объединение
|c (1931-1933)
|2 stltpush
|3 (RuTPU)RU\TPU\col\18435
|9 27031
|
| 712 |
0 |
2 |
|a Центральный научно-исследовательский геологоразведочный институт (ЦНИГРИ)
|b Сектор геологической карты
|c (Ленинград)
|c (1931-1939)
|2 stltpush
|3 (RuTPU)RU\TPU\col\18472
|
| 801 |
|
1 |
|a RU
|b 63413507
|c 20130211
|
| 801 |
|
2 |
|a RU
|b 63413507
|c 20200907
|g RCR
|
| 942 |
|
|
|c BK
|